000 00568nam a2200229Ia 4500
003 OSt
005 20221005121801.0
006 a|||||r|||| 00| 0
007 ta
008 221004b |||||||| |||| 00| 0 mal d
024 _a54892
037 _cTextual
040 _aCRL
_cCRL
_bmal
041 _2mal
_amal
082 _aO32,1N23,3, H9
100 _aolappamanna
_9631143
245 0 _aIlathalam
260 _c1949
650 _aMALAYALAM LITERATURE
_938866
942 _hO32,1N23,3, H9
_cTEXL
_2cc
999 _c1042252
_d1042252